| 000 | 00791nam a2200253Ia 4500 | ||
|---|---|---|---|
| 008 | 181129s9999 xx 000 0 und d | ||
| 050 | _a220.5 | ||
| 050 | _bH761 [2002] | ||
| 245 | 0 | _aHoly bible : | |
| 245 | 0 | _bGod's word for the Philippines / | |
| 260 | _aShelbyville, Tennessee : | ||
| 260 | _bBible & Literature Missionary Foundation, | ||
| 260 | _c[2002] | ||
| 300 | _a268 pages : | ||
| 300 | _billustrations ; | ||
| 300 | _c19cm. | ||
| 500 | _aThe old and new testaments. Translated out of the original tongues and with the former translations diligently compared and revised. | ||
| 650 | _aBible -- | ||
| 650 | _aBible -- | ||
| 650 | _aBible stories, English. | ||
| 650 | _xApocrypha. | ||
| 650 | _xGospels. | ||
| 700 | _aBible & Literature Missionary Foundation. | ||
| 999 |
_c359519 _d359519 |
||